Представление документа в формате RUSMARC

ПолеНазваниеЗначение
  Тип записи a
  Библиографический уровень a
001 Контрольный номер RU/CBS_UL/BASE/586535305
005 Дата корректировки 20240209175227.8
100 Данные общей обработки __
a Данные общей обработки 20180802d2018 ||| 0rusy0189 ca
101 Язык документа 0_
a Язык текста rus
102 Страна публикации __
a Страна публикации RU
105 Кодированные данные (монография) __
a Кодированные данные (монография) y###||||000|y
200 Заглавие и сведения об ответственности 1_
a Заглавие ГМО под подозрением
b Общее обозначение материала Текст
e Сведения, относящиеся к заглавию [безопасность ГМ-продуктов]
f Первые сведения об ответственности Э. В. Садыкова ; бесед. И. Журавская
300 Общие примечания __
a Общие примечания Ограничения по возрасту - 16+
461 Уровень набора _0
1 2000
a Женское здоровье
463 Уровень физической единицы _0
1 001RU/CBS_UL/BASE/581690638
1 2000
a № 6
v С. 54-55 : фото
1 210
d 2018
606 Тематические рубрики 0_
a Основная рубрика Генетически модифицированные продукты питания
610 Ключевые слова 0_
a Ключевые слова ГМО
a Ключевые слова генетически модифицированные организмы
a Ключевые слова генномодифицированные продукты
a Ключевые слова генетически модифицированные продукты питания
a Ключевые слова генетически модифицированная пища
a Ключевые слова ГМ-продукты
a Ключевые слова вред генетически модифицированных продуктов
686 Индексы других классификаций __
a Классификационный индекс 51.23
2 Код системы ББК
700 Автор _1
a Фамилия Садыкова
b Имя (инициалы) Э. В.
801 Источник записи _0
a Страна RU
b Организация МБУК ЦБС г. Ульяновска
c Дата составления 20180802
g Правила каталогизации RCR
801 Источник записи _1
a Страна RU
b Организация МБУК ЦБС г. Ульяновска
c Дата составления 20180802
g Правила каталогизации RCR
901 Тип документа __
t Тип документа b
w Контрольный № источника RU/CBS_UL/BASE/581690638
910 Корректоры записи __
a Корректор записи Библиотека 2
938 Служебная информация __
a Имя БД period